हर खेल है दौलत की (Record no. 50229)

MARC details
000 -LEADER
fixed length control field 00571nam a2200181Ia 4500
008 - FIXED-LENGTH DATA ELEMENTS--GENERAL INFORMATION
fixed length control field 090123s9999 xx 000 0 und d
082 ## - DEWEY DECIMAL CLASSIFICATION NUMBER
Item number 12168
100 ## - MAIN ENTRY--PERSONAL NAME
Personal name शर्मा गोपाल
245 ## - TITLE STATEMENT
Title हर खेल है दौलत की
250 ## - EDITION STATEMENT
Edition statement 1
260 ## - PUBLICATION, DISTRIBUTION, ETC. (IMPRINT)
Name of publisher, distributor, etc पवन पॉकेट बुक्स
300 ## - PHYSICAL DESCRIPTION
Extent 191
600 ## - SUBJECT ADDED ENTRY--PERSONAL NAME
Personal name शर्मा गोपाल
630 ## - SUBJECT ADDED ENTRY--UNIFORM TITLE
Uniform title हर खेल है दौलत की
700 ## - ADDED ENTRY--PERSONAL NAME
Personal name शर्मा गोपाल
730 ## - ADDED ENTRY--UNIFORM TITLE
Uniform title हर खेल है दौलत की
942 ## - ADDED ENTRY ELEMENTS (KOHA)
Koha item type Book
Holdings
Withdrawn status Lost status Damaged status Not for loan Home library Current library Date acquired Cost, normal purchase price Total Checkouts Full call number Barcode Date last seen Cost, replacement price Price effective from Koha item type
        Jawahar Wachalanalaya, Kalwa Jawahar Wachalanalaya, Kalwa 03/31/2002 6.00   12168 KLW-12168 01/23/2009 6.00 01/23/2009 Book